000 01374nam a22003857a 4500
003 CHAP
005 20220329133140.0
008 971013s1992 r 00010 d
010 _a2727
011 _a3699
035 _a2900
040 _cCHAP
090 _aTesis
100 0 0 _aRaya Rodríguez, Margarito.
_994813
245 _aPolíticas de intervención gubernamental en la producción de trigo
_b: el caso de Guanajuato (1980-1990)
260 _aChapingo, Méx. :
_bEl autor,
_c1992
300 _a100 h.
_b: ilus
500 _aD52-19
502 _aTesis (Ing. Agr. Esp. en Economía Agrícola) -- UACH. Departamento de Economía Agrícola
590 _aALEPH
_b10
_c20130110
_lUCH01
_h1213
590 _aBATCH-UPD
_b10
_c20130110
_lUCH01
_h0211
590 _aBATCH-UPD
_b10
_c20130110
_lUCH01
_h1755
590 _aBATCH-UPD
_b10
_c20130409
_lUCH01
_h2226
590 _aBATCH-UPD
_b10
_c20130410
_lUCH01
_h1132
590 _aBATCH-UPD
_b10
_c20130913
_lUCH01
_h2158
590 _aCONVERSION
_b10
_c20130109
_lUCH01
_h1303
650 1 4 _aAgricultura y Estado
_xGuanajuato.
_92049
650 1 4 _aPolítica agrícola
_xGuanajuato.
_990321
650 1 4 _aPolítica económica
_xGuanajuato.
_990509
650 1 4 _aSubsidios.
_9110160
650 1 4 _aTrigo
_xAspectos económicos
_xGuanajuato.
_9114970
901 _aBK
942 _cTESIS
949 _bBC
_cTES
_d-12408
_eTS1
_h24805
_i2900
_si
999 _c2727
_d2727